书目信息 |
| 题名: |
公司章程自治研究
|
|
| 作者: | 王毓莹 著 | |
| 分册: | ||
| 出版信息: | 北京 法律出版社 2013.03 |
|
| 页数: | 262页 | |
| 开本: | 21cm | |
| 丛书名: | ||
| 单 册: | ||
| 中图分类: | D922.291.914 | |
| 科图分类: | ||
| 主题词: | 企业法--研究--中国 , 企业法 | |
| 电子资源: | ||
| ISBN: | 978-7-5118-4631-0 | |
| 000 | 00878nam0 2200241 450 | |
| 001 | 010040113983 | |
| 005 | 20130608104834.73 | |
| 010 | @a978-7-5118-4631-0@dCNY28.00 | |
| 100 | @a20130514d2013 em y0chiy0110 ea | |
| 101 | 0 | @achi |
| 102 | @aCN@b110000 | |
| 105 | @ay z 000yy | |
| 200 | 1 | @a公司章程自治研究@9gong si zhang cheng zi zhi yan jiu@f王毓莹著 |
| 210 | @a北京@c法律出版社@d2013.03 | |
| 215 | @a262页@d21cm | |
| 330 | @a本书以公司章程为切入点,梳理了公司章程自治的旧有理论及历史脉络,指出了自由主义是公司章程自治的人文支撑,市场经济是公司章程自治的经济根源,民主政治是公司章程自治的政治基础,公司契约理论是公司章程自治的法学依据。 | |
| 333 | @a企业法律研究人员 | |
| 606 | 0 | @a企业法@x研究@y中国 |
| 606 | 0 | @a企业法 |
| 690 | @aD922.291.914@v5 | |
| 701 | 0 | @a王毓莹@9wang yu ying@f(1976-)@4著 |
| 801 | 0 | @aCN@b人天书店@c20130514 |
| 905 | @dD922.291.914@e1020 | |
| 公司章程自治研究/王毓莹著.-北京:法律出版社,2013.03 |
| 262页;21cm |
| 使用对象:企业法律研究人员 |
| ISBN 978-7-5118-4631-0:CNY28.00 |
| 本书以公司章程为切入点,梳理了公司章程自治的旧有理论及历史脉络,指出了自由主义是公司章程自治的人文支撑,市场经济是公司章程自治的经济根源,民主政治是公司章程自治的政治基础,公司契约理论是公司章程自治的法学依据。 |
| ● |
| 相关链接 |
|
|
|
|
正题名:公司章程自治研究
索取号:D922.291.914/1020
 
预约/预借
| 序号 | 登录号 | 条形码 | 馆藏地/架位号 | 状态 | 备注 |
| 1 | 0543363 | 205433636 | 第一样本阅览室/ [索取号:D922.291.914/1020] | 在馆 | |
| 2 | 0543364 | 205433645 | 第一借阅区/ [索取号:D922.291.914/1020] | 在馆 | |
| 3 | 0543365 | 205433654 | 第一借阅区/ [索取号:D922.291.914/1020] | 在馆 | |
| 4 | 0543366 | 205433663 | 第一借阅区/ [索取号:D922.291.914/1020] | 在馆 | |
| 5 | 0543367 | 205433672 | 密集书库-史法系/ [索取号:D922.291.914/1020] | 在馆 |